| 000 | 00936cab a2200265 4500 | ||
|---|---|---|---|
| 001 | ABS46870 | ||
| 008 | 090401t1992 xxu||||| |||| 00| 0 eng d | ||
| 035 | _a(Sirsi) u59861 | ||
| 041 | _aeng | ||
| 100 | _aMason, J. | ||
| 245 | _aFit for business: floor loads | ||
| 260 | _c1992 | ||
| 350 | _a0 | ||
| 490 |
_aArchitects` Journal _v196(8) 19/26 August 1992, 43-45(3) |
||
| 520 | _aRefutes the need for greater floor load capacities in offices, maintaining that office equipment has not got heavier over the years and that institutional clients are wasting money in having floors strengthened. | ||
| 650 | _aDESIGN VALUES | ||
| 650 | _aFLOOR LOAD CAPACITY | ||
| 650 | _aFLOOR LOADINGS | ||
| 650 | _aBUILT ENVIRONMENT-BUILDING ELEMENTS-COMPLETE BUILDING ELEMENTS-FLOORS | ||
| 650 | _aOFFICE EQUIPMENT | ||
| 650 | _aSTRENGTHENING | ||
| 690 | _aBUILT ENVIRONMENT-CONSTRUCTION DESIGN | ||
| 942 | _n0 | ||
| 948 | _c04/03/1997 | ||
| 999 |
_c36816 _d36816 |
||